Untersuchungen zu Valeria Kochs „Der Prinz und die Rose"
Elmentve itt :
| Szerző: | |
|---|---|
| További közreműködők: | |
| Dokumentumtípus: | Szakdolgozat |
| Megjelent: |
2004
|
| Tárgyszavak: | |
| Online Access: | http://diploma.bibl.u-szeged.hu/75913 |
| LEADER | 00549nta a2200157 i 4500 | ||
|---|---|---|---|
| 001 | dipl75913 | ||
| 005 | 20190514081006.0 | ||
| 008 | 190514s2004 hu om 0|| ger d | ||
| 040 | |a SZTE Diploma Repozitórium |b hun | ||
| 041 | |a ger | ||
| 100 | 1 | |a Kolip Heléna | |
| 245 | 1 | 0 | |a Untersuchungen zu Valeria Kochs „Der Prinz und die Rose" |h [elektronikus dokumentum] / |c Heléna Kolip |
| 260 | |c 2004 | ||
| 650 | 4 | |a Pedagógusképzés | |
| 700 | 1 | |a Propszt Eszter |e ths | |
| 856 | 4 | 0 | |u http://diploma.bibl.u-szeged.hu/id/eprint/75913/1/2004_kolip_helena.pdf |z Dokumentum-elérés |